European* Countries - Largest Ferries - Statistics

General Stats
  • This quiz has been taken 40 times
  • The average score is 19 of 20
Answer Stats
Company Ship GT Country Route % Correct
DFDS Seaways Pearl Seaways 40k Denmark Copenhagen-Frederikshavn-Oslo
100%
Viking Line Viking Glory 65k Finland Turku-Mariehamn-Stockholm
100%
CTN Tanit 53k France La Goulette-Marseille
100%
Stena Line Stena Hollandica 64k Netherlands Harwich-Hoek van Holland
100%
Color Line Color Magic 75k Norway Oslo-Kiel
100%
Grimaldi Lines Cruise Barcelona 64k Spain Rome (Civitavecchia)-Barcelona
100%
Viking Line Viking Glory 65k Sweden Turku-Mariehamn-Stockholm
100%
Stena Line Stena Britannica 64k United Kingdom Harwich-Hoek van Holland
100%
Tallink Silja Europa 60k Estonia Tallinn-Helsinki
97%
Color Line Color Magic 75k Germany Oslo-Kiel
97%
ANEK Lines Elyros 38k Greece Piraeus-Chania
97%
Irish Ferries W.B. Yeats 51k Ireland Dublin-Cherbourg, Dublin-Holyhead
97%
Moby Lines Moby Fantasy 70k Italy Livorno-Olbia
97%
DFDS Seaways Aura Seaways 56k Lithuania Klaipeda-Karlshamn
97%
Stena Line Stena Baltica 35k Latvia Nynäshamn-Ventspils
94%
St Peter Line Princess Anastasia 38k Russia St. Petersburg-Helsinki-Tallinn-Stockholm
94%
Algérie Ferries Badji Mokhtar III 50k Algeria Algiers-Marseille
86%
Stena Line Stena Ebba 45k Poland Karlskrona-Gdynia
83%
Grandi Navi Veloci Rhapsody 44k Morocco Tangier-Barcelona-Genoa
77%
CTN Tanit 53k Tunisia La Goulette-Marseille
71%
No matching quizzes found
Score Distribution
Percent of People with Each Score
Percentile by Number Answered
Your Score History
You have not taken this quiz